| 000 | 00448nam a2200157 a 4500 | ||
|---|---|---|---|
| 001 | 000017885 | ||
| 005 | 20200929165252.0 | ||
| 008 | 100407s1968 dr 000 0 spa d | ||
| 040 | _aDO-SdBNP | ||
| 082 |
_axxx _bL898n |
||
| 100 | 1 |
_aLovelace B. Manuel de Jesús _926347 |
|
| 245 | 1 | 0 |
_aNuestra visita a tierra santa / _cManuel de Jesús Lovelace B. |
| 260 |
_aSanto Domingo : _bArte y Cine, _c1968. |
||
| 300 |
_a202 p. ; _c23 cm. |
||
| 049 | _aBNPD | ||
| 999 |
_c17409 _d17409 |
||